| 000 | 00623 a2200181 4500 | ||
|---|---|---|---|
| 003 | Nust | ||
| 005 | 20230213101838.0 | ||
| 020 | _a0340899182 | ||
| 040 | _cNust | ||
| 082 | _a973.931,BEN | ||
| 100 |
_aSimon, Steven. _9108924 |
||
| 245 |
_aThe next attack : _bThe globalization of Jihad / _cDaniel Benjamin and Steven Simon |
||
| 260 |
_aNew York _bTimes Books _c2005. |
||
| 300 |
_axvii, 330 p _b25 cm |
||
| 505 | _aPart-1 Since September 11: The Evolution of the Threat (Page-3), Part-2 Self –Inflicted Wounds (Page-139), Part-3 The Road Not Taken (Page-197). | ||
| 650 |
_aThe next attack _9108925 |
||
| 942 |
_2ddc _cBK |
||
| 999 |
_c190493 _d190493 |
||